00605nam a22001817a 4500003001000000005001700010008004100027040000900068082001500077100002500092245005000117260005400167300002100221650001900242942001200261999001700273952013300290NUST-PNEC20170116180724.0141031b xxu||||| |||| 00| 0 eng d cPNEC a621.03 JAI 9890aJain, Er. V. K. aA dictionary of electronics :cEr. V. K. Jain aNew Delhi :bCBS Publishers & distributorscc1995 a448 p. :c21 cm. xDictionaryxEL 2ddccBK c61551d61551 00102ddc4070aPNECbPNECcREFd0000-00-00ePak American Commerciall0o621.03 JAIpPNECLIB-020338r2014-10-31w0000-00-00yBK